00716nam a2200241 a 4500001001300000003000900013005001700022008004100039020000900080082002200089100002000111245004800131260004300179300000900222500003500231505001000266650002700276700002000303902000800323942000700331952012100338999001500459nice12345678IN_TiNIC20260116012620.0050524s1985 newa grp 000 0 urd  ac4600a323.39710954bZAK aZakariya, Rafiq aHindustani Siyasat Men Musalmanon Ka Urooj. aNew DelhibTaraqqi-E-urdu Beuro c1985 a565p aincludes index and biblioraphy2 aindex aMuslims-India-Politics1 aZakariya, Rafiq bSRS cBK 001040708StackRoom-aHMIbHMId2007-04-10g46.00l0o323.39710954 ZAKp012854r2007-04-10v46.00w2005-05-24yBK c7685d7685